LIBRARY & INFORMATION CENTRE, KCAET, TAVANUR

ONLINE PUBLIC ACCESS CATALOGUE (OPAC)

Encyclopaedia britannica vol-15 / (Record no. 5514)

MARC details
000 -LEADER
fixed length control field 00407cam a2200157ua 4500
041 ## - LANGUAGE CODE
Language code of text/sound track or separate title eng
082 ## - DEWEY DECIMAL CLASSIFICATION NUMBER
Classification number 030
Item number PRE/EN
100 ## - MAIN ENTRY--AUTHOR NAME
Personal name Preece, Warren E.
245 ## - TITLE STATEMENT
Title Encyclopaedia britannica vol-15 /
250 ## - EDITION STATEMENT
Edition statement 14 /
260 ## - PUBLICATION, DISTRIBUTION, ETC. (IMPRINT)
Place of publication Chicago :
Name of publisher Encyclopaedia Britannica INC ,
Year of publication 1967.
300 ## - PHYSICAL DESCRIPTION
Number of Pages 1184 ; .
942 ## - ADDED ENTRY ELEMENTS (KOHA)
Koha item type Books
Holdings
Withdrawn status Lost status Damaged status Home library Current library Date acquired Full call number Accession Number Koha item type
      KAUAET   07/04/2012 030 12005 Books
free website counter